Jugadores de la selección alemana de fútbol por foto - Estadísticas

Estadísticas generales
  • Esta prueba ha sido intentada 37 veces
  • La puntuación promedio es 14 de 16
Estadísticas de respuestas
Imagen Respuesta % Correcto
Franz Beckenbauer
97%
Manuel Neuer
97%
Mesut Özil
97%
Toni Kroos
97%
Antonio Rüdiger
94%
Jamal Musiala
94%
Thomas Müller
94%
Oliver Kahn
91%
Philipp Lahm
88%
Joshua Kimmich
85%
Miroslav Klose
85%
Gerd Müller
82%
Mats Hummels
82%
Michael Ballack
79%
Lothar Matthäus
71%
Bastian Schweinsteiger
68%
No se encontraron pruebas coincidentes
Distribución de puntuación
Porcentaje de gente con cada puntuación
Porcentaje por número respondido
Historial de tus puntuaciones
No has intentado esta prueba.